000 00341nam a2200133Ia 4500
008 240624s9999 xx 000 0 und d
041 _aeng
082 _a332.1 HAI
100 _aHAINES PETER
245 _aBCBS 239 GUIDING PRINCIPLES FOR COMPLIAN
260 _c2017
_aLondon
_bRisk Books
300 _axv, 228 p,: 23 cm.
365 _cBPS
_b20
999 _c31045
_d31045